Grillades - Mort Subite - Statistiques

Statistiques générales
  • Ce quiz a été pris 170 fois
  • Le résultat moyen est 4 sur 16
Answers on the Grid
Answers color-coded by a green-red scale on the quiz's grid according to % correct below.
Mettbrötchen
Fish and chips
Poutine
Crevettes tempura
Ratatouille
Ginataang kalabasa
Yakitori
Souvláki
Chachlyk
Galbi-gui
Cochon grillé
Shish taouk
Sosatie
Antikristo
Côtes levées BBQ du Texas
Snezhanka
Guacamole
Fårikål
Minestrone
Steak tartare
Chankonabe
Char siu
Khorkhog
Gradele
Poulet piri-piri / Poulet peri-peri
Sate de bœuf
Chinchulines a la parilla
Salchicha parrilera
 
Statistiques - réponses
Réponse % Correct
Cochon grillé
69%
Côtes levées BBQ du Texas
58%
Yakitori
51%
Poulet piri-piri / Poulet peri-peri
41%
Sate de bœuf
33%
Chinchulines a la parilla
23%
Shish taouk
20%
Salchicha parrilera
15%
Chachlyk
13%
Souvláki
10%
Gradele
9%
Char siu
8%
Galbi-gui
8%
Khorkhog
6%
Antikristo
3%
Sosatie
3%
Aucun quiz correspondant
Distribution des résultats
% des personnes avec chaque résultat
Percentile par nombre de réponses
Votre historique - résultats
Vous n’avez pas pris ce quiz